000 00665nam a2200181Ia 4500
008 090123s9999 xx 000 0 und d
082 _b3545
_a891.463/शेळके
100 _aशेळके उध्दव ज.
245 _aशब आले ज्यांच्या दारी
250 _a1
260 _bरम्चकथा ग्रंथमाला
_c1974
300 _a88
600 _aशेळके उध्दव ज.
630 _aशब आले ज्यांच्या दारी
700 _aशेळके उध्दव ज.
730 _aशब आले ज्यांच्या दारी
942 _cBOOK
999 _c41625
_d41625